Loading...
| History - American | 0 | 3 | 1 | 0 | 25 | 39 | 62.00 | 1 | 1 | 14.68 | 18.15 |
| History - World | 0 | 2 | 0 | 0 | 20 | 15 | 17.50 | 1 | 2 | 18.43 | 18.52 |
| Social Science | 0 | 2 | 0 | 0 | 20 | 58 | 73.00 | 0 | 0 | 10.58 | 12.50 |
| Religion | 0 | 2 | 0 | 1 | 20 | 83 | 83.50 | 0 | 0 | 3.65 | 10.61 |
| Fine Arts - Other | 0 | 2 | 0 | 0 | 20 | 73 | 83.50 | 0 | 2 | 4.97 | 14.85 |
| Science - Chemistry | 0 | 2 | 0 | 2 | 20 | 104 | 117.50 | 0 | 0 | 0.00 | 1.94 |
| History - Other | 0 | 2 | 0 | 0 | 20 | 24 | 38.00 | 0 | 1 | 14.67 | 18.52 |
| Geography | 0 | 2 | 1 | 0 | 15 | 61 | 78.50 | 0 | 1 | 11.34 | 18.06 |
| Science - Physics | 0 | 1 | 0 | 0 | 10 | 110 | 110.00 | 0 | 0 | 0.00 | 1.01 |
| Literature - American | 0 | 1 | 0 | 0 | 10 | 90 | 90.00 | 0 | 0 | 2.10 | 2.78 |
| Fine Arts - Classical Music | 0 | 1 | 0 | 1 | 10 | 128 | 128.00 | 0 | 0 | 0.00 | 1.85 |
| History - European | 0 | 1 | 0 | 0 | 10 | 48 | 48.00 | 0 | 1 | 6.03 | 6.48 |
| Current Events | 0 | 1 | 0 | 0 | 10 | 23 | 23.00 | 1 | 1 | 19.31 | 25.00 |
| Literature - World | 0 | 1 | 0 | 0 | 10 | 61 | 61.00 | 0 | 1 | 4.72 | 7.41 |
| Popular Culture | 0 | 1 | 0 | 0 | 10 | 47 | 47.00 | 0 | 1 | 12.23 | 16.67 |
| Science - Biology | 0 | 1 | 0 | 0 | 10 | 71 | 71.00 | 0 | 0 | 4.13 | 4.63 |
| Science - Other | 0 | 1 | 0 | 1 | 10 | 110 | 110.00 | 0 | 0 | 0.00 | 1.85 |
| Fine Arts - Painting and Sculpture | 0 | 0 | 1 | 0 | -5 | 0.00 | 0 | 0 | 0.00 | 0.00 |